European Cities With Over 1 Million Population - Statistics

General Stats
  • This quiz has been taken 69 times
  • The average score is 25 of 32
Answer Stats
Pop/Country Answer % Correct
3.7 mill/Germany Berlin
100%
8.8 mil/UK London
100%
3.1 mill/Spain Madrid
100%
13 mill/Russia Moscow
100%
2.8 mill/Italy Rome
100%
2.2 mill/France Paris
99%
1.8 mill/Austria Vienna
99%
1.6 mill/Spain Barcelona
97%
1.7 mill/Hungary Budapest
97%
2.9 mill/Ukraine Kiev
97%
1.3 mill/Italy Milan
97%
5.2 mill/Russia St Petersburg
97%
1.7 mill/Germany Hamburg
96%
1.9 mill/Belarus Minsk
96%
1.7 mill/Poland Warsaw
96%
1.5 mill/Germany Munich
94%
1.1 mill/Belgium Brussels
93%
2.1 mill/Romania Bucharest
93%
1,3 mill/Czech Republic Prague
93%
1.3 mill/Bulgaria Sofia
90%
1.3 mill/Serbia Belgrade
88%
1.2 mill/UK Birmingham
85%
1 mill/Germany Cologne
79%
1.2 mill/Russia Nizhny Novgorod
57%
1.4 mill/Ukraine Kharkiv
54%
1 mill/Russia Volgograd
51%
1.2 mill/Russia Kazan
45%
1,1 mill/Russia Ufa
42%
1.1 mill/Russia Samara
39%
1.1 mill/Russia Rostov-on-Don
36%
1 mill/Russia Perm
24%
1 mill/Russia Voronezh
16%
No matching quizzes found
Score Distribution
Percent of People with Each Score
Percentile by Number Answered
Your Score History
You have not taken this quiz